00409nam a2200109 a 4500008004100000050001300041110005100054245010800105260006300213300001400276350000900290090728s2008 ||||||||||||||||| || u aIFAD(02) aInternational Fund for Agricultural Department10aEnabling poor rural people to overcome poverty: our goal is to empower poor rural women and men........ aRomebInternational fund for Agricultural Departmentc2008 a24p. ;ill a0.00